A determination of the effects of a change in information processing caused by a change in accounting methods /

Bibliographic Details
Main Author: Gulley, Lawrence, 1943-
Other Authors: Grossman, Steven D. (degree committee member.), Kratchman, Stanley H. (degree committee member.), Ringer, Larry J. (degree committee member.)
Format: Thesis Book
Language:English
Published: 1986.
Subjects:
Online Access:Link to ProQuest copy
Link to OAKTrust copy
ProQuest, Abstract

MARC

Tag First Indicator Second Indicator Subfields
LEADER 00000ctm a2200000Ia 4500
001 in00000010299
005 20220104090716.0
008 880303s1986 xx bm 000 0 eng d
035 |9 AAA2500AM 
035 |a (OCoLC)17571873 
035 |a (OCoLC)ocm17571873 
040 |a TXA  |b eng  |c TXA  |d OCLCQ  |d OCLCF  |d OCLCQ  |d UMI  |d OCLCO  |d TXA 
049 |a TXAM 
099 |a 1986  |a Disser-  |a tation  |a G973 
100 1 |a Gulley, Lawrence,  |d 1943- 
245 1 2 |a A determination of the effects of a change in information processing caused by a change in accounting methods / 
264 1 |c 1986. 
300 |a x, 260 leaves ;  |c 29 cm 
336 |a text  |b txt  |2 rdacontent 
337 |a unmediated  |b n  |2 rdamedia 
338 |a volume  |b nc  |2 rdacarrier 
500 |a "Major subject: Accounting." 
500 |a Typescript (photocopy). 
500 |a Vita. 
502 |b Ph. D.  |c Texas A & M University  |d 1986 
504 |a Includes bibliographical references (leaves 125-128). 
520 3 |a The research reported in this dissertation investigates whether or not decision makers adequately adjust their information processing in response to a change in accounting methods. Initially, the decision makers are asked to establish selling prices for twenty hypothetical new products, using quantitative data regarding unit product costs, elasticity of demand, nature of competition, and average competitor prices. After being told of a change in accounting methods (i.e., a change from the variable costing method of determining product costs to the full costing method), decision makers in the experimental units are asked to set prices for twenty additional new products. The decision makers' responses are then used to determine whether or not they are functionally fixated. Subjects were students at various levels of their educational achievement. By providing the decision makers at each of the levels of education with varying quantities of information about the change in accounting methods, this research will help to provide answers as to whether level of education and quantity of information provided are factors in how subjects respond to a change in accounting methods. This dissertation shows that a significant proportion of the decision makers exhibit functional fixation (i.e., do not adequately adjust their information processing) in response to a change from the variable product costing method to the full costing method. 
650 0 |a Accounting  |x Decision making. 
650 0 |a Cost accounting. 
650 0 |a Managerial accounting. 
650 4 |a Major accounting. 
655 7 |a Academic theses  |2 lcgft 
700 1 |a Grossman, Steven D.,  |e degree committee member. 
700 1 |a Kratchman, Stanley H.,  |e degree committee member. 
700 1 |a Ringer, Larry J.,  |e degree committee member. 
700 1 |a Strawser, Robert H.,  |e degree supervisor. 
710 2 |a Texas A & M University,  |e degree granting institution. 
856 4 1 |u http://proxy.library.tamu.edu/login?url=http://proquest.umi.com/pqdweb?did=752287761&sid=1&Fmt=2&clientId=2945&RQT=309&VName=PQD  |z Link to ProQuest copy  |t 0 
856 4 1 |u https://hdl.handle.net/1969.1/DISSERTATIONS-16375  |z Link to OAKTrust copy  |t 0 
856 4 2 |3 ProQuest, Abstract  |u http://gateway.proquest.com/openurl?url_ver=Z39.88-2004&rft_val_fmt=info:ofi/fmt:kev:mtx:dissertation&res_dat=xri:pqm&rft_dat=xri:pqdiss:8707418  |t 0 
994 |a C0  |b TXA 
999 f f |s 4e4a9653-9c6a-3e39-bf85-f05856ea1811  |i ad978664-3527-3d30-b415-62726660d3be  |t 0 
952 f f |p noncirc  |a Texas A&M University  |b J.J. Pickle Campus  |c High Density Repository  |s HDR  |d Remote Storage  |t 0  |e 1986 Dissertation G973  |h Other scheme  |i unmediated -- volume  |m A14839616194 
952 f f |a Texas A&M University  |b College Station  |c Electronic Resources  |s www_evans  |d Available Online  |t 0  |e 1986 Dissertation G973  |h Other scheme 
998 f f |a 1986 Dissertation G973  |t 0  |l Remote Storage 
998 f f |a 1986 Dissertation G973  |t 0  |l Available Online